Risultati del Milan in UEFA Champions League 2013-2014 - Statistics

Statistiche generali
  • Questo quiz è stato fatto 8 volte
  • Il punteggio medio è 4 su 8
Statistiche sulle risposte
Hint Risposta % Corretto
Atletico Madrid - Milan 4-1
88%
Celtic - Milan 0-3
63%
Milan - Barcellona 1-1
63%
Milan - Celtic 2-0
63%
Milan - Atletico Madrid 0-1
50%
Milan - Ajax 0-0
25%
Ajax - Milan 1-1
25%
Barcellona - Milan 3-1
25%
Nessun quiz corrispondente trovato
Distribuzione punteggi
Percentuale di utenti per punteggio
Percentile per numero di risposta
I tuoi punteggi nel tempo
Non hai fatto questo quiz